000 00358nam a2200133 a 4500
001 4144
005 20140414131950.0
008 090317s19uu xx 00 eng d
050 _aTR 372.19
_bW55 1992
245 _aWhat your 3rd grader needs to know :
_bfundementals of a good third-grade education.
999 _c112774
_d112774